Swiss things [pic] - Statistics

General Stats
  • This quiz has been taken 34 times
  • The average score is 8 of 16
Answer Stats
Picture Answer % Correct
Fondue
90%
Gruyère
90%
Roger Federer
90%
Skiing
87%
Chocolate
71%
William Tell
71%
Müesli
65%
Swiss Guard
61%
Bobsleigh
52%
FIFA Headquarters
48%
Romansh
42%
Jean-Jacques Rousseau
26%
Banking
23%
Gnome
13%
Hiking
13%
Palace of Nations
0%
No matching quizzes found
Score Distribution
Percent of People with Each Score
Percentile by Number Answered
Your Score History
You have not taken this quiz